000 00681nam a2200181Ia 4500
008 100921s9999 xx 000 0 und d
082 _b13725
_a823 थ 67
100 _aआनंद मुल्कराज.
245 _aLament An The Death Of a Master Of arts.
260 _bहिंद पॉकेट बुक्स,दिल्ली.
_c1967
300 _a120
_b---
365 _b0
520 _aललित इंग्र्रजी कादंबरी.
630 _aLament An The Death Of a Master Of arts.
650 _aललित इंग्र्रजी कादंबरी.
730 _aLament An The Death Of a Master Of arts.
942 _cBOOK
999 _c762838
_d762835